| 000 | 00686cam a2200217 4500 | ||
|---|---|---|---|
| 001 | 45490 | ||
| 090 | _a45490 | ||
| 100 | _a19931115d1942 m y0pory50030103ba | ||
| 101 | 0 | _apor | |
| 102 | _aPT | ||
| 200 | 1 |
_aMachado de Castro _fManuel Mendes |
|
| 210 | 9 |
_aLisboa _cEdições Cosmos, _dimp. 1942 |
|
| 215 |
_a119, [9] p. _cil. _d19 cm |
||
| 225 | 2 |
_aBiblioteca Cosmos _v2 _h5.ª secção, _iBiografias _v13. _fBenção de Jesus Caraça |
|
| 317 | _aBiblioteca Matilde Rosa Araújo : H.G. 42952 P. | ||
| 600 |
_aCastro, _bMachado de |
||
| 675 |
_a730Castro, Machado de _vBN _zpor |
||
| 675 |
_a929Castro, Machado de _vBN _zpor |
||
| 700 | 1 |
_aMendes, _bManuel, _f1906-1969 |
|
| 801 | 0 |
_aPT _bBN _gRPC |
|
| 990 | _cLIVROS | ||